15 principaux pays touchés par Covid-19 - 8 juillet - Statistiques

Statistiques générales
  • Ce quiz a été pris 41 fois
  • Le résultat moyen est 8 sur 25
Statistiques - réponses
pays % Correct
Etats-Unis
89%
Russie
86%
Inde
69%
Brésil
66%
Mexique
66%
Italie
63%
Espagne
60%
Royaume-Uni
51%
Chili
40%
Chili
40%
Pérou
34%
Afrique du Sud
29%
Iran
26%
Suède
26%
Pakistan
20%
Turquie
20%
Arabie Saoudite
11%
Qatar
9%
Singapour
9%
Arménie
6%
Biélorussie
6%
Panama
6%
Bahreïn
3%
Koweït
3%
Oman
3%
Aucun quiz correspondant
Distribution des résultats
% des personnes avec chaque résultat
Percentile par nombre de réponses
Votre historique - résultats
Vous n’avez pas pris ce quiz